000 00335 a2200157 4500
001 168928
020 _a
040 _cMagnum
100 _aUsberco, Joao
240 1 0 _aQuimica 3 - quimica organica
_lpor
245 1 0 _aQuimica 3 - quimica organica
362 0 _a1899
440 1 _aSaraiva
697 _aPARADIDATICO
942 _cBK
999 _c168928
_d168928